Pays à trouver 13 (6 lettres) - Statistiques

Statistiques générales
  • Ce quiz a été pris 228 fois
  • Le résultat moyen est 5 sur 5
Statistiques - réponses
Réponse % Correct
Russie
99%
Guinée
97%
Guinée Equatoriale
90%
Guinée-Bissau
88%
Soudan du Sud
88%
Aucun quiz correspondant
Distribution des résultats
% des personnes avec chaque résultat
Percentile par nombre de réponses
Votre historique - résultats
Vous n’avez pas pris ce quiz